000 00358nam a22001697a 4500
003 UA-OsUOA
001 3526
007 ta
008 20050721b un ||||| |||| 00| 0 ukr d
100 _aFritz
700 _aJean
942 _cBK
040 _aUA-OsUOA
_cUA-OsUOA
_dUA-OsUOA
245 _aAround the World in a Hundred years.
955 _a2
650 7 _2UDC
999 _c289688
_d289688